Statistics for Cities Of Illinois

Click here to take the quiz!

General Stats

  • This quiz has been taken 52 times
  • The average score is 5 of 14

Answer Stats

HintAnswer% Correct
most populated city in IllinoisChicago
100%
capital of IllinoisSpringfield
97%
city with 2nd largest populationAurora
77%
where the University of Illinois isChampaign
59%
southernmost city of IllinoisCairo
36%
popular place to see the 2017 solar eclipseCarbondale
33%
where the house from Home Alone is locatedWinnetka
33%
capital of the Illinois Territory in the 1900sKaskaskia
23%
former capital of IllinoisVandalia
23%
where the first McDonalds was openedDes Plaines
15%
gathering place for Mormons in the 1840sNauvoo
15%
where the Cahokia mounds can be foundCollinsville
13%
Community where Walt Disney was bornHermosa
5%
where Ronald Reagan was bornTampioco
3%

Score Distribution

Percentile by Number Answered

Percent of People with Each Score

Your Score History

You have not taken this quiz